000 00796nam a2200205Ia 4500
008 0000001964 ag a 0000000000spa00
090 _aPRU00 R32b
100 1 _aRiedl, Anselmo
245 1 0 _aBasilio Kandinsky
_c/ monografía por Pedro Anselmo Riedl ; traducción por Julio Gómez de la Serna ; el juicio del siglo xx por Julio E. Payró
300 _a[32] p.
_c/ 26 cm.
440 _aPinacoteca de los Genios ; 33
500 _aCon el patronazgo de la empresa colombiana PLARESA
600 0 0 _aKANDINSKY, BASILIO, 18661944/
_xTRABAJOS PICTORICOS
650 1 4 _aARTE CONTEMPORANEO RUSO
650 1 4 _xCATALOGOS
650 1 4 _aPINTORES RUSOS
650 1 4 _aPINTURA RUSA
700 1 _aGómez de la Serna, Julio, tr. \ Payró, Julio E.
999 _c7748
_d7748
260 _aBuenos Aires : Codex
_c1964